| 000 | 00535nam a22001817a 4500 | ||
|---|---|---|---|
| 005 | 20251022110743.0 | ||
| 008 | 251022b |||||||| |||| 00| 0 eng d | ||
| 037 | _cTB | ||
| 040 |
_aCRL _cCRL |
||
| 041 |
_2ENG _aENG |
||
| 084 | _bCRL | ||
| 100 |
_aby Iqving, Washington _9849109 |
||
| 245 | _aMahomet and his successors | ||
| 260 |
_aNew York, USA: _bPrank F. Lovel and com., _c1849. |
||
| 300 | _a121p. | ||
| 942 |
_2CC _cTB _n0 |
||
| 999 |
_c1464943 _d1464943 |
||